Realizing Teracomputing | Proceedings of the Tenth ECMWF Workshop on the Use of Hight Performance Computing in Meteorology (Record no. 32602)

000 -Cabeçalho
Cabeçalho 00446nam 22001453 4500
001 - Identificador do registo
Identificador do registo 32602
010 ## - Número Internacional Normalizado dos livros (ISBN)
Número Internacional Normalizado - ISBN 981-238-376-X
090 ## - Número de controle KOHA
Número biblioitem KOHA 32602
100 ## - Dados gerais de processamento
Dados gerais de processamento 20260318d u||y0pory50 ba
101 ## - Língua da publicação
Língua do texto, banda sonora, etc. Inglês
200 ## - Título e menção de responsabilidade
Título próprio Realizing Teracomputing
Informação de outro título Proceedings of the Tenth ECMWF Workshop on the Use of Hight Performance Computing in Meteorology
Primeira menção de responsabilidade Walter Zwieflhofer
Outras menções de responsabilidade Norbert Kreitz
210 ## - Publicação, distribuição, etc.
Lugar da edição, distribuição, etc. New Jersey
Nome do editor, distribuidor, etc. World Scientific
317 ## - Nota de proveniência
Instituição e exemplar a que o campo se aplica IM
801 ## - Fonte de origem
Regras de catalogação ISBD
942 ## - Informação adicional KOHA
Inibição de acesso no OPAC Não
Holdings
Situação do extravio Classificação interna Koha para ordenação Data de aquisição Número de registo Número interno Koha (auto-gerado) Biblioteca de aquisição Biblioteca de empréstimo Cota Fim da data de empréstimo Permissão de empréstimo Tipo de documento
  ESTANTE_3_PRAT_4_000000000000000 2026-03-18 11846 32599 Biblioteca da Sede Biblioteca da Sede Estante 3, Prat 4 2026-03-18   Monografias

Powered by Koha